000
00308nam a2200121Ia 4500
008
190216s9999||||xx |||||||||||||| ||und||
100
_a
George Leland Bach
245
0
_a
Economics An Introduction To Analysis And Policy
260
_b
Prentice Hall
_c
1977
300
_a
712p
650
_a
Economics
942
_c
BK
999
_c
9736
_d
9736